[Event "Transcontinental ABCDEFG"]
[Site "Montreal CAN"]
[Date "2016.12.11"]
[Round "4"]
[White "Bergeron, Jean-Guy"]
[Black "Poulin, Simon"]
[Result "1-0"]
[WhiteElo "1437"]
[BlackElo "1420"]
[PlyCount "71"]
[EventDate "2016.12.09"]
[EventType "tourn"]
[EventRounds "5"]
[EventCountry "CAN"]

1. c4 Nf6 2. g3 e6 3. Bg2 c6 4. e4 Bc5 5. d4 Bb4+ 6. Nc3 d5 7. cxd5 exd5 8. Bg5
O-O 9. e5 Re8 10. Nge2 h6 11. Bd2 Ng4 12. h3 Bxc3 13. Bxc3 Nxe5 14. dxe5 Nd7
15. f4 Nc5 16. Qd4 Ne6 17. Qd2 d4 18. Nxd4 Nxd4 19. Qxd4 Qxd4 20. Bxd4 Be6 21.
O-O Rad8 22. Bxa7 Rd2 23. Rf2 Red8 24. Be3 Rd1+ 25. Rxd1 Rxd1+ 26. Kh2 Rd3 27.
Bc1 Bxa2 28. Rd2 Rxd2 29. Bxd2 Bd5 30. Bb4 Bxg2 31. Kxg2 Kh7 32. Kf3 Kg6 33.
Ke4 f5+ 34. exf6 gxf6 35. Bc5 h5 36. Be3 1-0

[Event "Transcontinental ABCDEFG"]
[Site "Montreal CAN"]
[Date "2016.12.11"]
[Round "4"]
[White "Dubois, Lorraine"]
[Black "Brunelle, Raymond"]
[Result "1-0"]
[WhiteElo "1170"]
[BlackElo "1119"]
[PlyCount "76"]
[EventDate "2016.12.09"]
[EventType "tourn"]
[EventRounds "5"]
[EventCountry "CAN"]

1. d4 Nf6 2. c4 e6 3. Nc3 Bb4 4. e3 d5 5. Nge2 O-O 6. a3 Ba5 7. b4 Nc6 8. bxa5
Nxa5 9. cxd5 Nxd5 10. Bd2 c6 11. Ng3 Qb6 12. Rb1 Qc7 13. Bd3 Rb8 14. O-O a6 15.
Qc2 b5 16. Bxh7+ Kh8 17. Nxd5 exd5 18. Bd3 Nb7 19. Qd1 g6 20. e4 Qd6 21. Bb4 c5
22. e5 Qb6 23. dxc5 Nxc5 24. Be2 Re8 25. Bf3 Be6 26. Qd4 Nd7 27. Qxb6 Rxb6 28.
Rfe1 Nb8 29. Bd2 Rc6 30. Bg5 Rc3 31. Bf6+ Kh7 32. Red1 Rec8 33. Rb4 g5 34. Bxg5
Kg6 35. h4 R8c4 36. Ne2 Rxa3 37. Nf4+ Kf5 38. Re1 Rxb4 1-0

[Event "Varennes"]
[Site "Varennes CAN"]
[Date "2016.10.07"]
[Round "1.4"]
[White "Zhu, Hong Rui"]
[Black "Durette, Francis"]
[Result "1-0"]
[WhiteElo "2303"]
[BlackElo "2128"]
[PlyCount "137"]
[EventDate "2016.10.07"]
[EventType "swiss"]
[EventRounds "5"]
[EventCountry "CAN"]

1. e4 e5 2. Nf3 Nc6 3. Bc4 Bc5 4. c3 Nf6 5. d4 exd4 6. e5 d5 7. Bb5 Ne4 8. cxd4
Bb4+ 9. Bd2 Nxd2 10. Nbxd2 O-O 11. Qa4 Bd7 12. O-O Bxd2 13. Nxd2 a6 14. Bxc6
Bxc6 15. Qc2 Qe7 16. f4 Qb4 17. Nb3 Ba4 18. Qc5 Qxc5 19. Nxc5 Bb5 20. Rfc1 b6
21. Nb3 Rac8 22. a4 Bc4 23. Nd2 Be2 24. Rc6 Bg4 25. Rac1 Bd7 26. Rxc7 Rxc7 27.
Rxc7 Bxa4 28. b3 Bb5 29. Nb1 Rd8 30. Nc3 Bd3 31. Nxd5 Kf8 32. Nxb6 Rxd4 33. Rd7
Rxd7 34. Nxd7+ Ke7 35. Nc5 Bb5 36. Kf2 f6 37. Ke3 a5 38. Kd4 Bc6 39. g3 fxe5+
40. Kxe5 Bf3 41. Kd4 Kd6 42. Ne4+ Bxe4 43. Kxe4 Kc5 44. Kd3 Kb4 45. Kc2 a4 46.
bxa4 Kxa4 47. Kd3 Kb5 48. Ke4 Kc6 49. h4 Kd6 50. Kf5 Ke7 51. h5 Kf7 52. Ke5 Ke7
53. Kf5 Kf7 54. Ke5 Ke7 55. h6 gxh6 56. g4 Kf7 57. f5 Ke7 58. f6+ Kf7 59. Kf5
h5 60. gxh5 h6 61. Ke5 Kf8 62. Ke4 Ke8 63. Kf4 Kf8 64. Ke5 Kf7 65. Kf5 Kf8 66.
Kg6 Kg8 67. Kxh6 Kh8 68. Kg6 Kg8 69. f7+ 1-0

[Event "Varennes"]
[Site "Varennes CAN"]
[Date "2016.10.07"]
[Round "1.7"]
[White "Fan, Run Kun"]
[Black "Masse, Hugues"]
[Result "0-1"]
[WhiteElo "1974"]
[BlackElo "2317"]
[PlyCount "66"]
[EventDate "2016.10.07"]
[EventType "swiss"]
[EventRounds "5"]
[EventCountry "CAN"]

1. c4 e5 2. Nc3 Nf6 3. g3 d5 4. cxd5 Nxd5 5. Bg2 Nb6 6. Nf3 Nc6 7. d3 Be7 8.
O-O O-O 9. Be3 Be6 10. Ne4 Nd5 11. Bc5 h6 12. Rc1 Bd6 13. b3 f5 14. Nxd6 cxd6
15. Ba3 Ndb4 16. Ne1 Qb6 17. Bxb4 Nxb4 18. a3 Na2 19. Ra1 Nc3 20. Qd2 Qxb3 21.
Nc2 Rac8 22. e4 f4 23. gxf4 Ne2+ 24. Qxe2 Rxc2 25. Qd1 exf4 26. Rb1 Qc3 27.
Rxb7 f3 28. Bxf3 Rd2 29. Bg4 Rxd1 30. Bxe6+ Kh8 31. Rxd1 Qf6 32. Bf5 g6 33. Bg4
h5 0-1

[Event "Varennes"]
[Site "Varennes CAN"]
[Date "2016.10.07"]
[Round "1.8"]
[White "Tremblay, Rejean"]
[Black "Gauthier, Denis"]
[Result "1-0"]
[WhiteElo "2170"]
[BlackElo "1983"]
[PlyCount "155"]
[EventDate "2016.10.07"]
[EventType "swiss"]
[EventRounds "5"]
[EventCountry "CAN"]

1. d4 Nf6 2. c4 e6 3. Nf3 b6 4. Nc3 Bb4 5. Qc2 Bb7 6. a3 Bxc3+ 7. Qxc3 d6 8.
Bg5 Nbd7 9. e3 h6 10. Bh4 Qe7 11. O-O-O c5 12. dxc5 Nxc5 13. Bg3 e5 14. Nd2 O-O
15. f3 Rac8 16. Kb1 a5 17. e4 Nfd7 18. Be2 a4 19. Rhe1 Ne6 20. Bf2 Ndc5 21. Qb4
Qc7 22. Bxc5 Nxc5 23. Nf1 f5 24. exf5 Rxf5 25. Ne3 Rf4 26. g3 Rf6 27. Nd5 Bxd5
28. Rxd5 Qc6 29. Red1 Re8 30. Qd2 Nb3 31. Qe3 Nd4 32. Rc1 Qc8 33. Rc3 Qf5+ 34.
Ka2 Qc8 35. Bd1 Qc6 36. Qe4 Ne6 37. Rxe5 Qc8 38. Rh5 Nf4 39. Qxf4 Rxf4 40. gxf4
Qc6 41. Rb5 Rf8 42. Bxa4 Rxf4 43. Rf5 Qxa4 44. Rxf4 Qd1 45. h4 d5 46. cxd5
Qxd5+ 47. Rb3 h5 48. Rfb4 Qd8 49. a4 Qf6 50. Ka3 Qd6 51. Ka2 Qf6 52. Re4 Qf7
53. Re5 Qc4 54. Re8+ Kf7 55. Re4 Qd5 56. Reb4 Qa5 57. Rf4+ Kg8 58. Rb5 Qd2 59.
Rfb4 Qd1 60. Rxb6 Qxf3 61. R6b5 Qf7+ 62. Ka3 Qf3+ 63. Rb3 Qf8+ 64. R5b4 Qc5 65.
Rc3 Qd5 66. Rbc4 Qd6+ 67. b4 Qd1 68. b5 Qb1 69. Rc1 Qd3+ 70. Kb4 Qd2+ 71. R1c3
Qd6+ 72. Ka5 Qd8+ 73. b6 Qa8+ 74. Kb5 Qd5+ 75. Rc5 Qd7+ 76. Kb4 Qb7 77. a5 g6
78. Rc8+ 1-0

[Event "Varennes"]
[Site "Varennes CAN"]
[Date "2016.10.07"]
[Round "1.9"]
[White "Langlois-Remillard, Alexis"]
[Black "Chabot, Roland"]
[Result "1-0"]
[WhiteElo "1954"]
[BlackElo "2230"]
[PlyCount "67"]
[EventDate "2016.10.07"]
[EventType "swiss"]
[EventRounds "5"]
[EventCountry "CAN"]

1. b3 e5 2. Bb2 d6 3. e3 Nf6 4. Nf3 g6 5. c4 Bg7 6. Nc3 O-O 7. d4 e4 8. Nd2 Re8
9. Qc2 Bf5 10. h3 h5 11. Be2 Nc6 12. a3 Nxd4 13. exd4 e3 14. Qd1 exd2+ 15. Qxd2
Qe7 16. O-O Kh7 17. Bd3 Bh6 18. Qc2 Bd7 19. Bc1 Qf8 20. Bxh6 Qxh6 21. Ne4 Nxe4
22. Bxe4 Rab8 23. Rfe1 Qg5 24. Re3 f5 25. Rg3 Qf4 26. Bd5 Qxd4 27. Rd1 Qf6 28.
f4 c6 29. Bf3 Rbd8 30. Rg5 Re7 31. Qf2 b6 32. Qh4 Be8 33. Rxh5+ gxh5 34. Qxf6
1-0

[Event "Varennes"]
[Site "Varennes CAN"]
[Date "2016.10.07"]
[Round "1.10"]
[White "Larochelle, Martial"]
[Black "Lin, Benjamin"]
[Result "0-1"]
[WhiteElo "2149"]
[BlackElo "1906"]
[PlyCount "56"]
[EventDate "2016.10.07"]
[EventType "swiss"]
[EventRounds "5"]
[EventCountry "CAN"]

1. e4 c5 2. Nf3 e6 3. d4 cxd4 4. Nxd4 Nc6 5. Nc3 Qc7 6. Be3 a6 7. Qd2 Nf6 8. f3
Be7 9. O-O-O b5 10. g4 Na5 11. g5 Nh5 12. Qf2 Rb8 13. Kb1 Nc4 14. Bc1 Bb4 15.
Nce2 Bb7 16. Ng3 Nxg3 17. hxg3 Bd6 18. Rh3 Rc8 19. Qh2 Be5 20. b3 Nb6 21. Ba3
Bxd4 22. Rxd4 Qc3 23. Rd3 Qe1+ 24. Kb2 b4 25. Rxh7 bxa3+ 26. Kxa3 Qc1+ 27. Kb4
Rxh7 28. Qxh7 Qxc2 0-1

[Event "Varennes"]
[Site "Varennes CAN"]
[Date "2016.10.07"]
[Round "1.11"]
[White "Qiao, Cindy"]
[Black "Libersan, Thierry"]
[Result "0-1"]
[WhiteElo "1366"]
[BlackElo "2204"]
[PlyCount "92"]
[EventDate "2016.10.07"]
[EventType "swiss"]
[EventRounds "5"]
[EventCountry "CAN"]

1. e4 c5 2. Nf3 e6 3. d4 cxd4 4. Nxd4 Nc6 5. Nc3 Qc7 6. a3 a6 7. Be2 b5 8. O-O
Bb7 9. Be3 Rc8 10. Nb3 d6 11. f4 Nf6 12. Bd3 Be7 13. Qe1 Ng4 14. Bd2 Bf6 15.
Qg3 Qb6+ 16. Kh1 h5 17. h3 Nd4 18. Rae1 Nxb3 19. cxb3 Bd4 20. Nd1 Kf8 21. e5 g6
22. Qh4 Kg7 23. Be2 Rc2 24. Bc3 Bxc3 25. bxc3 Ra2 26. Rg1 Rxa3 27. Bxg4 hxg4
28. Qxg4 Rxb3 29. Kh2 a5 30. Qg5 Qd8 31. Qg3 a4 32. Nf2 b4 33. Re3 dxe5 34.
fxe5 Qh4 35. cxb4 Qxg3+ 36. Rxg3 Rxb4 37. Ra3 Rd8 38. Nd3 Rb3 39. Rxb3 axb3 40.
Nc5 Bd5 41. Rb1 Rb8 42. Rb2 Rb5 43. Nd3 Bc4 44. Nc1 g5 45. g4 Kf8 46. Kg3 Rxe5
0-1

[Event "Varennes"]
[Site "Varennes CAN"]
[Date "2016.10.07"]
[Round "1.13"]
[White "Aubut, Jean-Philippe"]
[Black "Robichaud, Louis"]
[Result "0-1"]
[WhiteElo "1036"]
[BlackElo "2136"]
[PlyCount "106"]
[EventDate "2016.10.07"]
[EventType "swiss"]
[EventRounds "5"]
[EventCountry "CAN"]

1. e4 e5 2. Nf3 Nc6 3. Bc4 Bc5 4. O-O Nf6 5. Nc3 O-O 6. d3 h6 7. Nh4 d6 8. h3
Na5 9. Qf3 Nxc4 10. dxc4 c6 11. Rd1 Ng4 12. hxg4 Qxh4 13. Rf1 Bxg4 14. g3 Qh5
15. Qh1 Qxh1+ 16. Kxh1 Bf3+ 17. Kg1 f5 18. Re1 fxe4 19. Nxe4 Bxe4 20. Rxe4
Bxf2+ 21. Kg2 Bc5 22. Be3 Bxe3 23. Rxe3 Rae8 24. Rd1 Rf6 25. Rde1 Rfe6 26. Ra3
a6 27. Ra5 Rd8 28. Rd1 e4 29. c5 d5 30. Kf2 Rf6+ 31. Ke2 Rdf8 32. Kd2 Rf2+ 33.
Kc1 Rg2 34. Ra3 Rff2 35. Rc3 Rf3 36. Rxf3 exf3 37. Rf1 Rxg3 38. Rf2 g5 39. Kd2
g4 40. Ke3 Rg2 41. Rxg2 fxg2 42. Kf2 Kg7 43. Kxg2 Kf6 44. Kg3 Kf5 45. c3 h5 46.
b4 h4+ 47. Kg2 Kf4 48. Kf2 h3 49. Kg1 g3 50. Kh1 Kf3 51. Kg1 h2+ 52. Kh1 Kf2
53. a4 g2+ 0-1

[Event "Varennes"]
[Site "Varennes CAN"]
[Date "2016.10.08"]
[Round "2.4"]
[White "Robichaud, Louis"]
[Black "Zhu, Hong Rui"]
[Result "1/2-1/2"]
[WhiteElo "2136"]
[BlackElo "2303"]
[PlyCount "72"]
[EventDate "2016.10.07"]
[EventType "swiss"]
[EventRounds "5"]
[EventCountry "CAN"]

1. e4 c5 2. d3 Nc6 3. g3 g6 4. Bg2 Bg7 5. f4 e6 6. Nf3 Nge7 7. O-O O-O 8. c3 d5
9. Na3 b6 10. e5 Ba6 11. Be3 Rc8 12. Bf2 Qd7 13. Re1 Rc7 14. Nc2 Rd8 15. d4
cxd4 16. Nfxd4 Nxd4 17. Nxd4 Nc6 18. Bf1 Bxf1 19. Kxf1 Nxd4 20. Bxd4 Rb8 21.
Qe2 Qa4 22. a3 Bf8 23. Rad1 Qb3 24. Rd2 b5 25. h4 Bc5 26. Bxc5 Rxc5 27. h5 Qc4
28. h6 Qxe2+ 29. Kxe2 Rc4 30. Rd4 Rxd4 31. cxd4 Rc8 32. Kd3 Kf8 33. g4 Ke7 34.
g5 Kd7 35. b3 Rc6 36. Kd2 Kc7 1/2-1/2

[Event "Varennes"]
[Site "Varennes CAN"]
[Date "2016.10.08"]
[Round "2.6"]
[White "Masse, Hugues"]
[Black "Lin, Benjamin"]
[Result "1-0"]
[WhiteElo "2317"]
[BlackElo "1906"]
[PlyCount "141"]
[EventDate "2016.10.07"]
[EventType "swiss"]
[EventRounds "5"]
[EventCountry "CAN"]

1. d4 d5 2. c4 c6 3. Nf3 Nf6 4. e3 e6 5. b3 Nbd7 6. Bb2 Bb4+ 7. Nbd2 a5 8. a3
Be7 9. Bd3 O-O 10. O-O dxc4 11. bxc4 c5 12. Qc2 h6 13. Ne5 Qc7 14. Ndf3 b6 15.
Nxd7 Nxd7 16. d5 exd5 17. cxd5 Bd6 18. Qc3 f6 19. Qc2 Ba6 20. Bh7+ Kh8 21. Rfd1
Rfd8 22. h3 Nf8 23. Bf5 Bc8 24. a4 Bxf5 25. Qxf5 Rac8 26. Bc3 Qd7 27. Qc2 Bc7
28. Rab1 Qf7 29. d6 Rxd6 30. Rxd6 Bxd6 31. Rxb6 Bc7 32. Rb5 Qc4 33. Nd2 Qe2 34.
Qf5 Rd8 35. Rxc5 Bb8 36. Rc8 Rxc8 37. Qxc8 Bd6 38. Qc6 Bb4 39. Bxb4 Qe1+ 40.
Kh2 axb4 41. Qd6 Ng6 42. Kg3 h5 43. h4 Ne5 44. Qf8+ Kh7 45. Qxb4 Qxf2+ 46. Kxf2
Nd3+ 47. Kf3 Nxb4 48. a5 Kg6 49. Ke4 f5+ 50. Kf4 Kf6 51. Nc4 Nd3+ 52. Kf3 Nc5
53. Kg3 g6 54. Kf4 Nd3+ 55. Kf3 Nc5 56. Ke2 Ke6 57. Kd2 Kd5 58. Kc3 Na6 59. Nd2
Ke5 60. Kc4 f4 61. e4 f3 62. gxf3 Kf4 63. Kb5 Nc7+ 64. Kb6 Ne8 65. Nc4 g5 66.
a6 gxh4 67. a7 Nc7 68. Kxc7 h3 69. a8=Q h2 70. Qa1 Kxf3 71. e5 1-0

[Event "Varennes"]
[Site "Varennes CAN"]
[Date "2016.10.08"]
[Round "2.7"]
[White "Tremblay, Alain"]
[Black "Yu, Zong Yang"]
[Result "1/2-1/2"]
[WhiteElo "2175"]
[BlackElo "2457"]
[PlyCount "163"]
[EventDate "2016.10.07"]
[EventType "swiss"]
[EventRounds "5"]
[EventCountry "CAN"]

1. g3 Nf6 2. Bg2 d5 3. Nf3 Bf5 4. d3 e6 5. Nbd2 Be7 6. O-O O-O 7. Qe1 h6 8. e4
Bh7 9. Qe2 c5 10. Ne5 Nbd7 11. f4 c4 12. exd5 cxd3 13. Nxd3 Nxd5 14. Nb3 N7f6
15. Ne5 Nb4 16. Rd1 Qc8 17. Be3 Nbd5 18. Rd2 a5 19. a3 Be4 20. Bf2 Bxg2 21.
Kxg2 a4 22. Nd4 Nd7 23. Ng6 Re8 24. Nxe7+ Nxe7 25. Nf3 Nf6 26. Bd4 Qc6 27. Re1
Nfd5 28. Kg1 Nf5 29. Bf2 Qc7 30. Ne5 f6 31. Nf3 Kf7 32. Nd4 Nxd4 33. Bxd4 Rac8
34. c3 Kg8 35. Qh5 Qf7 36. Qe2 Rc7 37. Qb5 Qd7 38. Qe2 Qc6 39. Qg4 Rce7 40. Qf3
e5 41. fxe5 fxe5 42. Be3 e4 43. Qd1 Nf6 44. Rd6 Qb5 45. Qd2 Kh8 46. Qd4 Re6 47.
Rf1 Ng4 48. Rf7 Ne5 49. Rxe6 Rxe6 50. Rf8+ Kh7 51. Qxe4+ Ng6 52. Qxe6 Nxf8 53.
Qe4+ Ng6 54. h4 Qe2 55. Kh1 b5 56. Kg1 h5 57. Kh1 Qg4 58. Qxg4 hxg4 59. Bd4 Ne7
60. Kg2 Nf5 61. Kf2 Kg6 62. Be5 Kf7 63. Ke2 Ke6 64. Bb8 Kd5 65. Kd3 Ne7 66. h5
Ng8 67. Bf4 Nf6 68. h6 gxh6 69. Bxh6 Ne4 70. Bf4 Nc5+ 71. Kc2 Ke4 72. Bd6 Ne6
73. Bb8 Nd8 74. Bc7 Nb7 75. Bf4 Kf3 76. c4 bxc4 77. Kc3 Nc5 78. Kxc4 Ne4 79. b4
axb3 80. Kxb3 Nxg3 81. Bxg3 Kxg3 82. a4 1/2-1/2

[Event "Varennes"]
[Site "Varennes CAN"]
[Date "2016.10.08"]
[Round "2.10"]
[White "Forget, Luc"]
[Black "Soudre, Nicolas"]
[Result "1-0"]
[WhiteElo "1882"]
[BlackElo "2202"]
[PlyCount "99"]
[EventDate "2016.10.07"]
[EventType "swiss"]
[EventRounds "5"]
[EventCountry "CAN"]

1. d4 e6 2. c4 Nf6 3. Nf3 Bb4+ 4. Bd2 a5 5. g3 b6 6. Bg2 Bb7 7. O-O O-O 8. Bg5
h6 9. Bxf6 Qxf6 10. a3 Be7 11. Nc3 Nc6 12. Ne5 Rfd8 13. Ne4 Qf5 14. g4 Qh7 15.
Qd3 f5 16. gxf5 Qxf5 17. Ng3 Qxd3 18. Nxd3 a4 19. e3 Rab8 20. Rac1 Na5 21. Bxb7
Rxb7 22. Rc2 c5 23. d5 b5 24. dxe6 dxe6 25. Ne5 Bf6 26. Ng4 Be7 27. cxb5 Rxb5
28. Rfc1 Nb3 29. Re1 Na5 30. Ne4 c4 31. f4 Rdb8 32. Ree2 Rd8 33. Ne5 Rd1+ 34.
Kg2 Nb3 35. Nc3 Rxe5 36. fxe5 Rd5 37. Nxd5 exd5 38. Re1 Nc5 39. Rd2 Nd3 40.
Rxd3 cxd3 41. Rd1 Kf7 42. Rxd3 Ke6 43. Rd4 Bc5 44. Rxa4 Bxe3 45. Kf3 Bg1 46. h3
Kxe5 47. Rg4 Bd4 48. a4 Bxb2 49. a5 Kd6 50. a6 1-0

[Event "Varennes"]
[Site "Varennes CAN"]
[Date "2016.10.08"]
[Round "2.11"]
[White "Trahan, Daniel"]
[Black "Lopez Linares, Lizandro"]
[Result "1/2-1/2"]
[WhiteElo "2072"]
[BlackElo "2251"]
[PlyCount "96"]
[EventDate "2016.10.07"]
[EventType "swiss"]
[EventRounds "5"]
[EventCountry "CAN"]

1. d4 d5 2. c4 c6 3. Nf3 Nf6 4. Nc3 dxc4 5. a4 Bf5 6. Ne5 Nbd7 7. Nxc4 Nb6 8.
Ne5 a5 9. h4 h6 10. f3 e6 11. e4 Bh7 12. Be3 Bb4 13. Qb3 O-O 14. Nd3 Qe7 15. g4
Nfd7 16. Be2 Kh8 17. g5 h5 18. Nf4 e5 19. Nxh5 Bg6 20. Ng3 exd4 21. Bxd4 Nc5
22. Qc2 Rad8 23. Bf2 Bh7 24. Kf1 Qe5 25. Kg2 f5 26. gxf6 gxf6 27. Rad1 Ncd7 28.
Qd2 Rg8 29. Rh3 Bc5 30. Bxc5 Nxc5 31. Qe3 Rxd1 32. Nxd1 Ne6 33. Kf2 Nxa4 34. b3
Nac5 35. Bc4 Rd8 36. Rh1 Nf4 37. Qc3 Nfd3+ 38. Ke2 Qf4 39. Nh5 Nc1+ 40. Ke1
N5d3+ 41. Bxd3 Nxd3+ 42. Qxd3 Rxd3 43. Nxf4 Rxf3 44. Rf1 Rxb3 45. Nh5 Bxe4 46.
Nxf6 Bh7 47. Nxh7 Kxh7 48. Kd2 a4 1/2-1/2

[Event "Varennes"]
[Site "Varennes CAN"]
[Date "2016.10.08"]
[Round "2.13"]
[White "Fan, Run Kun"]
[Black "Larochelle, Martial"]
[Result "0-1"]
[WhiteElo "1974"]
[BlackElo "2149"]
[PlyCount "60"]
[EventDate "2016.10.07"]
[EventType "swiss"]
[EventRounds "5"]
[EventCountry "CAN"]

1. c4 e5 2. Nc3 Nf6 3. g3 c6 4. Bg2 d5 5. cxd5 cxd5 6. Qb3 Nc6 7. Nxd5 Nd4 8.
Nxf6+ Qxf6 9. Qd1 Bf5 10. d3 Rc8 11. Nf3 Nc2+ 12. Kf1 Nxa1 13. Bg5 Qd6 14. Qxa1
Be7 15. Be3 O-O 16. Nd2 Qc7 17. Ne4 Be6 18. Nc3 Bc5 19. Bxc5 Qxc5 20. Bxb7 Rc7
21. Bf3 Bh3+ 22. Bg2 Qc6 23. Rg1 Bxg2+ 24. Rxg2 f5 25. e4 fxe4 26. dxe4 Rd7 27.
Qe1 Rd3 28. Qe2 Qc4 29. Rg1 Rfd8 30. Kg2 Rxc3 0-1

[Event "Varennes"]
[Site "Varennes CAN"]
[Date "2016.10.08"]
[Round "2.14"]
[White "Gauthier, Denis"]
[Black "Boulay, David"]
[Result "1/2-1/2"]
[WhiteElo "1983"]
[BlackElo "2007"]
[PlyCount "137"]
[EventDate "2016.10.07"]
[EventType "swiss"]
[EventRounds "5"]
[EventCountry "CAN"]

1. d4 d5 2. c4 c6 3. Nf3 Nf6 4. e3 e6 5. b3 Nbd7 6. Bb2 Be7 7. Nbd2 O-O 8. Bd3
b6 9. O-O Bb7 10. Rc1 a5 11. Qc2 h6 12. h3 Qb8 13. a3 Rc8 14. Qb1 c5 15. Rfe1
a4 16. bxa4 Rxa4 17. cxd5 Bxd5 18. Bb5 Ra7 19. a4 Bc6 20. Qd3 Qa8 21. Ra1 Nd5
22. Qb3 Nb4 23. Bc3 Nf6 24. Bxc6 Qxc6 25. dxc5 bxc5 26. Nc4 Nfd5 27. Be5 Nb6
28. a5 Nxc4 29. Qxc4 Rca8 30. Rec1 Qb7 31. Nd2 Rxa5 32. Rxa5 Rxa5 33. Qg4 Bf8
34. Nc4 Ra6 35. Rd1 Ra8 36. Nd6 Qe7 37. Nc4 Rd8 38. Ra1 f6 39. Bc3 e5 40. Qf5
Qd7 41. Qxd7 Rxd7 42. Kf1 Kf7 43. Ke2 Ke6 44. Ra8 Be7 45. f3 Nd5 46. Ra6+ Kf7
47. Bb2 Rb7 48. Bc1 Rd7 49. Bd2 Rb7 50. Ra3 Nc7 51. g4 Ne6 52. h4 g6 53. Bc3
Rd7 54. Ra6 Bf8 55. Ra8 Bg7 56. Ra6 h5 57. gxh5 gxh5 58. Nd6+ Kg6 59. Nc4 Re7
60. Kf2 Kh7 61. Rc6 Bf8 62. Rc8 Kg7 63. Ra8 Rd7 64. Ke2 Nd8 65. Ra6 Nf7 66. Ra8
Nd6 67. Nd2 Nf5 68. Ne4 Kf7 69. Nxf6 1/2-1/2

[Event "Varennes"]
[Site "Varennes CAN"]
[Date "2016.10.08"]
[Round "2.15"]
[White "Turcotte, Jonathan"]
[Black "Qiao, Cindy"]
[Result "0-1"]
[WhiteElo "1366"]
[BlackElo "2119"]
[PlyCount "114"]
[EventDate "2016.10.07"]
[EventType "swiss"]
[EventRounds "5"]
[EventCountry "CAN"]

1. d4 d5 2. c4 c6 3. Nf3 Nf6 4. Nc3 e6 5. Bg5 Nbd7 6. cxd5 exd5 7. e3 Be7 8.
Qc2 O-O 9. Bd3 Re8 10. O-O h6 11. Bf4 Nf8 12. h3 Bd6 13. Bxd6 Qxd6 14. Rab1 Bd7
15. b4 Rac8 16. Rfc1 Qe7 17. Ne5 Be6 18. Na4 N6d7 19. Nf3 Qf6 20. Kh2 g5 21.
Nc5 Nxc5 22. bxc5 Rc7 23. Rb4 g4 24. hxg4 Bxg4 25. Ne5 Qh4+ 26. Kg1 Bc8 27.
Rcb1 f6 28. Nf3 Qg4 29. Nh2 Qg5 30. Nf1 Rg7 31. f4 Qg4 32. R1b2 h5 33. Qe2 Qh4
34. Qf2 Qh3 35. R4b3 Qg4 36. Qe2 Qh4 37. Qf2 Qg4 38. Be2 Qg6 39. Bd3 Qg4 40.
Nh2 Qe6 41. Be2 Qf7 42. Qh4 Rh7 43. Bd3 Rg7 44. Nf1 Rg4 45. Qf2 f5 46. Nh2 Rg7
47. Nf3 Nh7 48. Ne5 Qe7 49. Be2 Nf6 50. Qh4 Ng4 51. Qxh5 Rh7 52. Qg6+ Rg7 53.
Qh5 Rh7 54. Qg6+ Rg7 55. Qd6 Qh4 56. Bxg4 Qe1+ 57. Kh2 fxg4 0-1

[Event "Varennes"]
[Site "Varennes CAN"]
[Date "2016.10.08"]
[Round "2.16"]
[White "Dube, Daniel"]
[Black "Ouellet, Maili-Jade"]
[Result "0-1"]
[WhiteElo "1835"]
[BlackElo "1929"]
[PlyCount "56"]
[EventDate "2016.10.07"]
[EventType "swiss"]
[EventRounds "5"]
[EventCountry "CAN"]

1. e4 c5 2. Nf3 e6 3. d4 cxd4 4. Nxd4 a6 5. Nc3 b5 6. Bd3 Bb7 7. O-O Nf6 8. a3
Qc7 9. Qe2 Be7 10. Kh1 d6 11. f4 Nbd7 12. Bd2 h5 13. Rae1 h4 14. e5 h3 15. Be4
Nxe4 16. Nxe4 dxe5 17. fxe5 Qxe5 18. Nf3 hxg2+ 19. Qxg2 Bxe4 20. Rxe4 Qxe4 21.
Qxg7 Bf6 22. Qg2 Rc8 23. Re1 Qf5 24. Nd4 Bxd4 25. Qb7 Rxc2 26. Qa8+ Ke7 27.
Bb4+ Bc5 28. Bxc5+ Qxc5 0-1

[Event "Varennes"]
[Site "Varennes CAN"]
[Date "2016.10.08"]
[Round "2.17"]
[White "Durette, Francis"]
[Black "Aubut, Jean-Philippe"]
[Result "1-0"]
[WhiteElo "2128"]
[BlackElo "1036"]
[PlyCount "27"]
[EventDate "2016.10.07"]
[EventType "swiss"]
[EventRounds "5"]
[EventCountry "CAN"]

1. e4 e5 2. Nf3 d6 3. d4 exd4 4. Nxd4 Bd7 5. Bc4 Qe7 6. Nc3 c5 7. Ndb5 Bxb5 8.
Bxb5+ Nc6 9. O-O Nf6 10. Nd5 Qd7 11. Bg5 Nxd5 12. exd5 Qf5 13. dxc6 Qxg5 14.
cxb7+ 1-0

[Event "Varennes"]
[Site "Varennes CAN"]
[Date "2016.10.08"]
[Round "3.4"]
[White "Zhu, Hong Rui"]
[Black "Forget, Luc"]
[Result "1-0"]
[WhiteElo "2303"]
[BlackElo "1882"]
[PlyCount "75"]
[EventDate "2016.10.07"]
[EventType "swiss"]
[EventRounds "5"]
[EventCountry "CAN"]

1. e4 e5 2. Nf3 d6 3. d4 Nf6 4. Nc3 Nbd7 5. Bc4 Be7 6. O-O O-O 7. h3 c6 8. a4
a5 9. Re1 Nb6 10. Bb3 Nfd7 11. Be3 Bf6 12. Qe2 exd4 13. Nxd4 Nc5 14. Red1 Nxb3
15. Nxb3 Be6 16. Nd4 Re8 17. Nxe6 Rxe6 18. Bd4 Qc7 19. Bxf6 Rxf6 20. Rd4 Re8
21. Qg4 Rg6 22. Qf4 Qe7 23. Rad1 Qe5 24. Qh2 Qxh2+ 25. Kxh2 Nc8 26. f3 Rge6 27.
Nb1 Rd8 28. R4d3 Kf8 29. Na3 Re7 30. Nc4 Red7 31. Nxa5 Nb6 32. Rb3 Ra8 33. Nxc6
Nxa4 34. Ne5 Rc7 35. Rxd6 f6 36. Nd3 Ke7 37. Rd4 Kf7 38. Ra3 1-0

[Event "Varennes"]
[Site "Varennes CAN"]
[Date "2016.10.08"]
[Round "3.6"]
[White "Yu, Zong Yang"]
[Black "Robichaud, Louis"]
[Result "1-0"]
[WhiteElo "2457"]
[BlackElo "2136"]
[PlyCount "97"]
[EventDate "2016.10.07"]
[EventType "swiss"]
[EventRounds "5"]
[EventCountry "CAN"]

1. d4 Nf6 2. c4 g6 3. Nc3 Bg7 4. e4 d6 5. Nf3 O-O 6. Be2 e5 7. Be3 Ng4 8. Bg5
f6 9. Bh4 g5 10. Bg3 Nh6 11. dxe5 dxe5 12. O-O Nf7 13. Ne1 c6 14. Nc2 Na6 15.
b4 Nc7 16. c5 Ne6 17. Bc4 a5 18. a3 axb4 19. axb4 Rxa1 20. Qxa1 Nd4 21. Qa2
Nxc2 22. Qxc2 Qe7 23. Qa2 Rd8 24. f3 Bf8 25. Na4 Re8 26. Nb6 Be6 27. Bxe6 Qxe6
28. Qxe6 Rxe6 29. Ra1 Re8 30. Ra7 Nd8 31. h4 h6 32. h5 Re7 33. Bf2 Ne6 34. Be3
Rc7 35. Kf2 Be7 36. Kg3 Bd8 37. Kg4 Re7 38. Nc4 Nd4 39. Bxd4 exd4 40. Ra8 Re8
41. Nd6 Rf8 42. Nf5 Bc7 43. Nxh6+ Kg7 44. Nf5+ Kf7 45. Rxf8+ Kxf8 46. Nxd4 Be5
47. Ne6+ Kg8 48. Kf5 Bc3 49. Kg6 1-0

[Event "Varennes"]
[Site "Varennes CAN"]
[Date "2016.10.08"]
[Round "3.8"]
[White "Lin, Benjamin"]
[Black "Chabot, Roland"]
[Result "1/2-1/2"]
[WhiteElo "1906"]
[BlackElo "2230"]
[PlyCount "78"]
[EventDate "2016.10.07"]
[EventType "swiss"]
[EventRounds "5"]
[EventCountry "CAN"]

1. d4 e6 2. c4 f5 3. Nc3 Nf6 4. Nf3 Bb4 5. a3 Bxc3+ 6. bxc3 c5 7. e3 Qa5 8. Bd2
d6 9. Bd3 Nc6 10. Qc2 O-O 11. O-O g6 12. Rfb1 Qc7 13. e4 Nh5 14. Bh6 Ng7 15.
exf5 exf5 16. Re1 Nd8 17. Ng5 Nf7 18. Nxf7 Qxf7 19. d5 Bd7 20. Rab1 b6 21. Re2
Rfe8 22. Rbe1 Rxe2 23. Rxe2 Re8 24. Bg5 Rxe2 25. Qxe2 Ne8 26. Qe7 Qxe7 27. Bxe7
Kf7 28. Bd8 Ba4 29. f4 Nf6 30. Bxf6 Kxf6 31. Kf2 Ke7 32. Ke2 Kd8 33. Kd2 Ke7
34. Ke2 Kf6 35. Kf3 Bd1+ 36. Kf2 Bb3 37. g3 Ke7 38. Ke3 Kd8 39. h3 Ba4 1/2-1/2

[Event "Varennes"]
[Site "Varennes CAN"]
[Date "2016.10.08"]
[Round "3.9"]
[White "Larochelle, Martial"]
[Black "Trahan, Daniel"]
[Result "1/2-1/2"]
[WhiteElo "2149"]
[BlackElo "2072"]
[PlyCount "76"]
[EventDate "2016.10.07"]
[EventType "swiss"]
[EventRounds "5"]
[EventCountry "CAN"]

1. d4 Nf6 2. c4 e6 3. Nc3 Bb4 4. e3 b6 5. Nge2 Ba6 6. a3 Be7 7. Nf4 d5 8. cxd5
Bxf1 9. Kxf1 exd5 10. g4 O-O 11. Qf3 c6 12. g5 Ne8 13. h4 Nd6 14. Rg1 Qc8 15.
Qg4 Qxg4 16. Rxg4 Nd7 17. b3 Rac8 18. Bd2 f5 19. Rg1 Ne4 20. Ke2 Bd6 21. Nxe4
fxe4 22. Rgc1 Bxf4 23. exf4 c5 24. Be3 cxd4 25. Bxd4 Nc5 26. Bxc5 bxc5 27. Ke3
Rfe8 28. Ra2 d4+ 29. Kd2 e3+ 30. Kd3 exf2 31. Rxf2 Re3+ 32. Kc4 Rh3 33. Rcc2
Rxh4 34. Kd5 Rh3 35. Rxc5 Rxc5+ 36. Kxc5 Rxb3 37. Kxd4 Rxa3 38. Rb2 Ra5 1/2-1/2